Statistics for Every Romanov Ruler of Russia

Click here to take the quiz!

General Stats

  • This quiz has been taken 238 times
  • The average score is 13 of 17

Answer Stats

ReignAnswer% Correct
1894-1917Nicholas II
97%
1801-1825Alexander I
92%
1855-1881Alexander II
92%
1881-1894Alexander III
92%
1682-1725Peter I
91%
1727-1730Peter II
91%
1762Peter III
91%
1825-1855Nicholas I
89%
1725-1727Catherine I
84%
1762-1796Catherine II
84%
1740-1741Ivan VI
82%
1796-1801Paul I
63%
1741-1762Elizabeth
56%
1613-1645Michael I
55%
1730-1740Anna
46%
1645-1676Alexis
35%
1676-1682Feodor III
32%

Score Distribution

Percentile by Number Answered

Percent of People with Each Score

Your Score History

You have not taken this quiz